000 01007nmm a2200289 a 4500
001 ocm000780078
003 TR-IsHL
005 20201028154412.0
008 140327s2011 tu tur
007 cr cn
020 _a9789758911790
035 _a780078
_b(N$T)
050 0 4 _aBP165
_bH36 2011
090 0 4 _aBP165
_bH36 2011
100 1 _aHan, Vahidüddin
245 1 0 _aDini ilimlerin yeniden yapılanması: (fıkıh-tasavvuf-kelâm)
_h[electronic resource] /
_cVahidüddin Han ; çev. Erkan Bulut ; editör: İsmail Kutlu Özalp.
260 _aİstanbul :
_bÖzgü Yayınları,
_c2011
300 _a113 p.
650 4 _aFelsefe, Psikoloji ve Din
650 4 _aPhilosophy, Psychology and Religion
650 0 _aİslâm
_xDinî bilgiler
650 0 _aİslam
_xReligion
650 7 _aRELIGION / Islam / General
_2bisacsh
700 1 _aBulut, Erkan
700 1 _aÖzalp, İsmail Kutlu
856 4 0 _uhttp://search.ebscohost.com/login.aspx?direct=true&scope=site&db=e011xww&AN=780078
999 _c12556
_d12556